000 00296nam a2200109Ia 4500
008 220204s9999 xx 000 0 und d
082 _a658.3
_bDEV
100 _aDeverell, C S
245 0 _aAcquiring management skills: How the manager can help himself
260 _aLondon
_bGee
_c1973
942 _cBK
999 _c32832
_d32832